Rada vlády SR na podporu exportu a investícií

Rada vlády SR na podporu exportu a investícií, vznik, hlavné úlohy, činnosť. Zloženie a rokovanie členov Rady. Súčasný stav ekonomickej diplomacie v zahraničí.

Salvato in:
Dettagli Bibliografici
Autore principale: Sulejmani, Dagmar, 1975-
Natura: Capitolo di libro
Lingua:slovacco
Soggetti:
Tags: Aggiungi Tag
Nessun Tag, puoi essere il primo ad aggiungerne!!

MARC

LEADER 00000nla a2200000 4500
001 0192949
005 20240502073232.9
041 0 |a slo 
044 |a SK 
245 1 0 |a Rada vlády SR na podporu exportu a investícií  |c Dagmar Sulejmani 
520 |a Rada vlády SR na podporu exportu a investícií, vznik, hlavné úlohy, činnosť. Zloženie a rokovanie členov Rady. Súčasný stav ekonomickej diplomacie v zahraničí. 
610 2 0 |a podnikatelia 
610 2 0 |a vláda 
610 2 0 |a Slovensko 
610 2 0 |a podpora vývozu 
610 2 0 |a podpora štátna 
610 2 0 |a investície 
100 1 |a Sulejmani, Dagmar, 1975-